00448 2200181 4500001002100000005001500021008004100036020002200077035001900099041000700118082001000125090001600135100002200151245003000173260002600203300002000229650001700249INLIS00000000000257820241224112550241224||||||||| | ||| |||| || |  a978-602-833-785-4 0010-1224002578 aid0 a641.5 a641.5 RAK v0 aRakhmat Margajaya00aVariasi Masakan dari Lele aJakartabArfindo Raya avi;58 hlm;21 cm 0aIlmu Terapan